000 00365nam a2200145 i 4500
001 24767
003 ES-MaACL
005 20230906153126.0
007 t|
008 021218s1864 fr ||||1| fre d
245 0 2 _aL'Angleterre
_b: etudes sur le self-government.
260 _aParis :
_bMichel Levy Freres,
_c1864.
300 _a344 p.
852 _aES-MaACL
_jD-5008
999 _c24767
_d24767